Leadership for Strategic Change

Salvato in:
Dettagli Bibliografici
Autore principale: Wallace, Brian
Altri autori: Ridgeway, Christopher
Natura: Libro
Lingua:inglese
Pubblicazione: London Institute of Personnel and Development 1996
Edizione:1. ed.
Soggetti:
Tags: Aggiungi Tag
Nessun Tag, puoi essere il primo ad aggiungerne!!

MARC

LEADER 00000nam a2200000 4500
001 c019427
005 20221205125401.4
020 |a 0-85292-613-8 
041 0 |a eng 
044 |a GB 
245 1 0 |a Leadership for Strategic Change  |c Brian Wallace, Christopher Ridgeway 
250 |a 1. ed. 
264 1 |a London  |b Institute of Personnel and Development  |c 1996 
300 |a 213 s. 
610 2 0 |a vedenie 
610 2 0 |a vedenie podniku 
610 2 0 |a zmeny organizačné 
610 2 0 |a plánovanie strategické 
100 1 |a Wallace, Brian 
700 1 |a Ridgeway, Christopher